| 000 | 00687cam a22002174a 4500 | ||
|---|---|---|---|
| 020 | _a007233777X (acidfree paper) | ||
| 020 | _a0072416270 | ||
| 020 | _a0071180281 (International ed.) | ||
| 040 | _cDLC | ||
| 082 | 0 | 0 | _a658 HIL 2001 A055 Or. |
| 100 | 1 | _aBrealey, Richard A. | |
| 245 | 1 | 0 | _aFundamentals of corporate finance / |
| 250 | _a3rd ed. | ||
| 260 |
_aBoston : _bMcGraw-Hill/Irwin, _cc2001. |
||
| 300 |
_axxxi, 798 p. : _bill. ; _c27 cm. + _e1 computer laser optical disc (4 3/4 in.). |
||
| 490 | 1 | _aThe McGraw-Hill/Irwin series in finance, insurance, and real estate | |
| 650 | 0 | 0 | _aCorporations |
| 700 | 1 | _aMyers, Stewart C. | |
| 700 | 1 | _aMarcus, Alan J. | |
| 942 | _cEK | ||
| 999 |
_c15168 _d15168 |
||